000 02249nam a22003257a 4500
005 20110802115024.0
010 _aB-435998-436002
020 _c15.00
_a8182636973
035 _aB-435998-436002
037 _bब्लयूबेरी बुक्स
082 _a
100 _aविनीता कृष्णा
_931627
245 _aसोना सयानी /
_cविनीता कृष्णा'; सुविधा मिस्त्री द्वारा चित्रांकित
246 _aSona syani
_bby Suvidha Mishtri
260 _aनई दिल्ली
_bप्रथम बुक्स
_c2006
270 _bनई दिल्ली
_k+911141042483
_l
_mwww.prathambooks.org
300 _a8पृ.;
_c18x22सेमी (अजिल्द)
_bसचित्र
490 _a
_931628
500 _a
700 _aमिस्त्री, सुविधा
_930772
710 _930773
942 _2ddc
_cCH
_mविनीता
_h
999 _c54678
_d54678